Výchova kněží v Čechách a jejich role v náboženské kultuře (1848-1914) /

Hlavní autor: Pavlíček, Tomáš W., 1982-
Jazyk: Čeština
Vydáno: Praha : Academia :Masarykův ústav a Archiv AV ČR, v.v.i., 2017
Vydání: Vydání první
Edice: České moderní dějiny
Témata:
Fyzický popis: 559 stran : ilustrace, portréty, noty, faksimile ; 24 cm
Language note: Anglické resumé
Knihy
Uloženo v:
LEADER 03634nam a2200901 i 4500
001 nkc20172906041
003 CZ PrNK
005 20180109102237.0
007 ta
008 170801s2017 xr acghe 001 0bcze
015 |a cnb002906041 
020 |a 978-80-200-2771-9  |q (Academia ;  |q vázáno) 
020 |a 978-80-87782-71-2  |q (Masarykův ústav a Archiv AV ČR ;  |q vázáno) 
035 |a (OCoLC)1015198986 
040 |a ABA001  |b cze  |d BOA001  |e rda 
041 0 |a cze  |b eng 
043 |a e-xr--- 
045 |a w4x1 
072 7 |a 27  |x Křesťanství. Křesťanská církev všeobecně. Eklesiologie  |2 Konspekt  |9 5 
072 7 |a 929  |x Biografie  |2 Konspekt  |9 8 
080 |a 27-722.5-733  |2 MRF 
080 |a 272-722.53  |2 MRF 
080 |a 27-722.51/.52  |2 MRF 
080 |a 929  |2 MRF 
080 |a 2-722.5:37  |2 MRF 
080 |a 272-725:377  |2 MRF 
080 |a 27-4  |2 MRF 
080 |a 27-46  |2 MRF 
080 |a 2-635-637-672  |2 MRF 
080 |a 316.42  |2 MRF 
080 |a 316.733+304.44  |2 MRF 
080 |a (437.3)  |2 MRF 
080 |a (048.8)  |2 MRF 
080 |a (092)  |2 MRF 
100 1 |a Pavlíček, Tomáš W.,  |d 1982-  |7 mzk2004261013  |4 aut 
245 1 0 |a Výchova kněží v Čechách a jejich role v náboženské kultuře (1848-1914) /  |c Tomáš W. Pavlíček 
250 |a Vydání první 
264 1 |a Praha :  |b Academia :  |b Masarykův ústav a Archiv AV ČR, v.v.i.,  |c 2017 
300 |a 559 stran :  |b ilustrace, portréty, noty, faksimile ;  |c 24 cm 
336 |a text  |b txt  |2 rdacontent 
337 |a bez média  |b n  |2 rdamedia 
338 |a svazek  |b nc  |2 rdacarrier 
490 1 |a České moderní dějiny ;  |v 2 
500 |a Chronologické přehledy 
504 |a Obsahuje bibliografii, bibliografické odkazy a rejstříky 
546 |a Anglické resumé 
648 7 |a 1848-1914  |7 ch525265  |2 czenas 
650 0 7 |a kněžství  |7 ph121685  |z Česko  |y 1848-1914  |2 czenas 
650 0 7 |a katoličtí kněží  |7 ph114899  |z Česko  |y 1848-1914  |2 czenas 
650 0 7 |a církevní hodnostáři  |7 ph119291  |z Česko  |y 1848-1914  |2 czenas 
650 0 7 |a kněžská formace  |7 ph951835  |z Česko  |y 1848-1914  |2 czenas 
650 0 7 |a kněžské semináře  |7 ph121684  |z Česko  |y 1848-1914  |2 czenas 
650 0 7 |a křesťanský život  |7 ph122132  |z Česko  |y 1848-1914  |2 czenas 
650 0 7 |a pastorace  |7 ph123988  |z Česko  |y 1848-1914  |2 czenas 
650 0 7 |a sekularizace  |7 ph125471  |z Česko  |y 1848-1914  |2 czenas 
650 0 7 |a sociální změna  |7 ph125820  |z Česko  |y 1848-1914  |2 czenas 
650 0 7 |a kulturní změna  |7 ph114000  |z Česko  |y 1848-1914  |2 czenas 
650 0 9 |a priesthood  |z Czechia  |y 1848-1914  |2 eczenas 
650 0 9 |a Catholic priests  |z Czechia  |y 1848-1914  |2 eczenas 
650 0 9 |a dignitaries  |z Czechia  |y 1848-1914  |2 eczenas 
650 0 9 |a priestly formation  |z Czechia  |y 1848-1914  |2 eczenas 
650 0 9 |a priesterseminars  |z Czechia  |y 1848-1914  |2 eczenas 
650 0 9 |a Christian life  |z Czechia  |y 1848-1914  |2 eczenas 
650 0 9 |a pastoral care  |z Czechia  |y 1848-1914  |2 eczenas 
650 0 9 |a secularization  |z Czechia  |y 1848-1914  |2 eczenas 
650 0 9 |a social change  |z Czechia  |y 1848-1914  |2 eczenas 
650 0 9 |a cultural change  |z Czechia  |y 1848-1914  |2 eczenas 
655 7 |a monografie  |7 fd132842  |2 czenas 
655 7 |a biografie  |7 fd131909  |2 czenas 
655 9 |a monographs  |2 eczenas 
655 9 |a biography  |2 eczenas 
830 0 |a České moderní dějiny  |0 s 
910 2 |a BOA001  |b 2-1397.134 
990 |a BK 
995 |a 01 
991 |b 201711  |c NOV 
996 6 |b 2610722611  |c 2-1397.134  |l MZK  |r Sklad / do 1 hodiny  |n 0  |p p.v.  |w 001636478  |u 000010  |a 1  |e BOA001  |j MZK50  |s P 
996 7 |b 2610726179  |c 2-1397.134  |l MZK  |r Sklad / do 1 hodiny  |n 9  |p kup  |w 001636478  |u 000020  |a 1  |e BOA001  |j MZK50  |s A